Choix multiples - Pays - Statistiques

Statistiques générales
  • Ce quiz a été pris 44 fois
  • Le résultat moyen est 2 sur 15
Statistiques - réponses
Question Réponse % Correct
Avec le taux de mortalité le plus faible ? Bahreïn
30%
Qui produit le plus d’électricité ? Pologne
30%
Celui avec le plus faible pourcentage d'obèse ? Vietnam
30%
Avec le meilleur PIB ? Irlande
20%
Celui avec le plus fort pourcentage d'obèse ? Nauru
20%
Avec le taux d'alphabétisation le plus faible ? Niger
20%
Avec le taux d'alphabétisation le plus fort ? Ouzbékistan
20%
Quel est le plus grand pays ? Ouzbékistan
20%
Avec le plus grand pourcentage de chômeur ? Syrie
20%
Avec la plus grande croissance démographique ? Angola
10%
Le plus densément peuplé ? Maldives
10%
Qui consomme le plus d'électricité ? Taïwan
10%
Avec la plus longue distance de routes ? Bangladesh
0%
Avec le taux de mortalité le plus fort ? Lituanie
0%
Avec les plus grandes dépenses militaires ? Oman
0%
Aucun quiz correspondant
Distribution des résultats
% des personnes avec chaque résultat
Percentile par nombre de réponses
Votre historique - résultats
Vous n’avez pas pris ce quiz